<?xml version="1.0" encoding="UTF-8"?>
<record
    xmlns:xsi="http://www.w3.org/2001/XMLSchema-instance"
    xsi:schemaLocation="http://www.loc.gov/MARC21/slim http://www.loc.gov/standards/marcxml/schema/MARC21slim.xsd"
    xmlns="http://www.loc.gov/MARC21/slim">

  <leader>01304nam a22002537a 4500</leader>
  <controlfield tag="003">Uzh_bibl</controlfield>
  <controlfield tag="008">211203b        |||||||| |||| 00| 0 ukr d</controlfield>
  <datafield tag="020" ind1=" " ind2=" ">
    <subfield code="a">978-617-09-4735-2</subfield>
    <subfield code="c">71&#x433;&#x440;&#x43D;.25&#x43A;&#x43E;&#x43F;.</subfield>
  </datafield>
  <datafield tag="040" ind1=" " ind2=" ">
    <subfield code="b">&#x443;&#x43A;&#x440;.</subfield>
  </datafield>
  <datafield tag="041" ind1=" " ind2=" ">
    <subfield code="2">ukr</subfield>
    <subfield code="a">ukr</subfield>
  </datafield>
  <datafield tag="080" ind1=" " ind2=" ">
    <subfield code="a">821(477)</subfield>
  </datafield>
  <datafield tag="090" ind1=" " ind2=" ">
    <subfield code="a">821(477)</subfield>
    <subfield code="b">&#x414; 30</subfield>
  </datafield>
  <datafield tag="100" ind1=" " ind2=" ">
    <subfield code="a">&#x414;&#x435;&#x43C;&#x447;&#x435;&#x43D;&#x43A;&#x43E;,&#x41E;&#x43A;&#x441;&#x430;&#x43D;&#x430;</subfield>
  </datafield>
  <datafield tag="245" ind1=" " ind2=" ">
    <subfield code="a">&#x41D;&#x430;&#x439;&#x432;&#x440;&#x43E;&#x434;&#x43B;&#x438;&#x432;&#x456;&#x448;&#x430; &#x43A;&#x43E;&#x440;&#x456;&#x432;&#x43A;&#x430;</subfield>
    <subfield code="c">&#x445;&#x443;&#x434;&#x43E;&#x436;.&#x422;.&#x41C;'&#x44F;&#x441;&#x43D;&#x438;&#x43A;&#x43E;&#x432;&#x430;</subfield>
    <subfield code="h">&#x422;&#x435;&#x43A;&#x441;&#x442;</subfield>
  </datafield>
  <datafield tag="260" ind1=" " ind2=" ">
    <subfield code="a">&#x425;&#x430;&#x440;&#x43A;&#x456;&#x432;</subfield>
    <subfield code="b">&#x420;&#x430;&#x43D;&#x43E;&#x43A;</subfield>
    <subfield code="c">2020</subfield>
  </datafield>
  <datafield tag="300" ind1=" " ind2=" ">
    <subfield code="a">24 &#x441;.</subfield>
    <subfield code="b">&#x456;&#x43B;.</subfield>
    <subfield code="f">&#x412; &#x43E;&#x43F;&#x440;.</subfield>
  </datafield>
  <datafield tag="490" ind1=" " ind2=" ">
    <subfield code="a">&#x421;&#x435;&#x440;&#x456;&#x44F;"&#x41C;&#x43E;&#x44F; &#x43A;&#x430;&#x437;&#x43A;&#x43E;&#x442;&#x435;&#x440;&#x430;&#x43F;&#x456;&#x44F;"</subfield>
  </datafield>
  <datafield tag="520" ind1=" " ind2=" ">
    <subfield code="a">&#x41D;&#x435;&#x43C;&#x430;&#x454; &#x43A;&#x440;&#x430;&#x449;&#x43E;&#x433;&#x43E; &#x432;&#x438;&#x445;&#x43E;&#x432;&#x430;&#x442;&#x435;&#x43B;&#x44F; &#x456; &#x43F;&#x441;&#x438;&#x445;&#x43E;&#x43B;&#x43E;&#x433;&#x430;, &#x43D;&#x456;&#x436; &#x44F;&#x43A;&#x456;&#x441;&#x43D;&#x430; &#x434;&#x438;&#x442;&#x44F;&#x447;&#x430; &#x43B;&#x456;&#x442;&#x435;&#x440;&#x430;&#x442;&#x443;&#x440;&#x430;! &#x421;&#x435;&#x440;&#x456;&#x44F; &#x43A;&#x43D;&#x438;&#x436;&#x43E;&#x43A;, &#x449;&#x43E; &#x434;&#x43E;&#x43F;&#x43E;&#x43C;&#x43E;&#x436;&#x443;&#x442;&#x44C; &#x432;&#x430;&#x448;&#x456;&#x439; &#x434;&#x438;&#x442;&#x438;&#x43D;&#x456; &#x43D;&#x430;&#x432;&#x447;&#x438;&#x442;&#x438;&#x441;&#x44F; &#x434;&#x43E;&#x431;&#x440;&#x443;, &#x43F;&#x43E;&#x437;&#x431;&#x430;&#x432;&#x438;&#x442;&#x438;&#x441;&#x44F; &#x437;&#x430;&#x439;&#x432;&#x438;&#x445; &#x441;&#x442;&#x440;&#x430;&#x445;&#x456;&#x432;, &#x448;&#x43A;&#x456;&#x434;&#x43B;&#x438;&#x432;&#x438;&#x445; &#x437;&#x432;&#x438;&#x447;&#x43E;&#x43A;, &#x440;&#x43E;&#x437;&#x432;&#x438;&#x43D;&#x443;&#x442;&#x438; &#x447;&#x443;&#x439;&#x43D;&#x456;&#x441;&#x442;&#x44C; &#x456; &#x434;&#x43E;&#x431;&#x440;&#x43E;&#x437;&#x438;&#x447;&#x43B;&#x438;&#x432;&#x456;&#x441;&#x442;&#x44C;. &#x41D;&#x430; &#x437;&#x432;&#x43E;&#x440;&#x43E;&#x442;&#x456; &#x43E;&#x431;&#x43A;&#x43B;&#x430;&#x434;&#x438;&#x43D;&#x43E;&#x43A; &#x454; &#x43F;&#x43E;&#x441;&#x438;&#x43B;&#x430;&#x43D;&#x43D;&#x44F; &#x43D;&#x430; &#x43F;&#x43E;&#x440;&#x430;&#x434;&#x438; &#x43F;&#x441;&#x438;&#x445;&#x43E;&#x43B;&#x43E;&#x433;&#x430;
</subfield>
  </datafield>
  <datafield tag="521" ind1=" " ind2=" ">
    <subfield code="a">&#x414;&#x43B;&#x44F; &#x447;&#x438;&#x442;&#x430;&#x43D;&#x43D;&#x44F; &#x434;&#x43E;&#x440;&#x43E;&#x441;&#x43B;&#x438;&#x43C;&#x438; &#x434;&#x456;&#x442;&#x44F;&#x43C;</subfield>
  </datafield>
  <datafield tag="546" ind1=" " ind2=" ">
    <subfield code="a">&#x443;&#x43A;&#x440;.</subfield>
  </datafield>
  <datafield tag="650" ind1=" " ind2=" ">
    <subfield code="a">&#x41B;&#x456;&#x442;&#x435;&#x440;&#x430;&#x442;&#x443;&#x440;&#x43D;&#x43E;-&#x445;&#x443;&#x434;&#x43E;&#x436;&#x43D;&#x435; &#x432;&#x438;&#x434;&#x430;&#x43D;&#x43D;&#x44F;</subfield>
  </datafield>
  <datafield tag="655" ind1=" " ind2=" ">
    <subfield code="v">&#x41A;&#x430;&#x437;&#x43A;&#x430;</subfield>
  </datafield>
  <datafield tag="942" ind1=" " ind2=" ">
    <subfield code="2">udc</subfield>
    <subfield code="c">BK</subfield>
  </datafield>
  <datafield tag="999" ind1=" " ind2=" ">
    <subfield code="c">1486</subfield>
    <subfield code="d">1486</subfield>
  </datafield>
  <datafield tag="952" ind1=" " ind2=" ">
    <subfield code="0">0</subfield>
    <subfield code="1">0</subfield>
    <subfield code="2">udc</subfield>
    <subfield code="4">0</subfield>
    <subfield code="7">0</subfield>
    <subfield code="a">MBdD</subfield>
    <subfield code="b">MBdD</subfield>
    <subfield code="c">ABS</subfield>
    <subfield code="d">2021-11-23</subfield>
    <subfield code="e">&#x414;&#x435;&#x440;&#x436;&#x430;&#x432;&#x43D;&#x430; &#x443;&#x441;&#x442;&#x430;&#x43D;&#x43E;&#x432;&#x430;"&#x423;&#x43A;&#x440;&#x430;&#x457;&#x43D;&#x441;&#x44C;&#x43A;&#x438;&#x439; &#x456;&#x43D;&#x441;&#x442;&#x438;&#x442;&#x443;&#x442; &#x43A;&#x43D;&#x438;&#x433;&#x438;"</subfield>
    <subfield code="i">74960</subfield>
    <subfield code="o">821(477)</subfield>
    <subfield code="p">2018</subfield>
    <subfield code="r">2021-12-03</subfield>
    <subfield code="w">2021-12-03</subfield>
    <subfield code="y">BK</subfield>
  </datafield>
</record>
